00652nam a22001697a 4500003000400000008004100004020001800045020001500063050002700078100003000105245005600135260004400191300003200235500010300267650002300370650008900393OSt190529b xxu||||| |||| 00| 0 eng d a9780761537175 a0761537171 aGV1853.3.F62bW55 2002 aWiley Wright, Kim, d1955 aWalt Disney World with kids, 2003cKim Wright Wiley aRoseville, CA : bPrima Pub., c©2002. axvii, 477 p. :b ill., maps a"Including Disney Cruise Line, Universal Orlando and Islands of Adventure"--Cover. Includes index. aFamily recreation. aWalt Disney World (Fla.) x Florida yGuidebooks. Family recreationzOrlando Region